00648nam a22001817a 4500003000900000008004100009040007100050082001700121100002000138245002100158260004500179300002600224505012800250650001800378650001300396650002600409700003100435AR-CdUCM190312b ||||| |||| 00| 0 spa d aMUNICIPALIDAD PROVINCIAL DEL CUSCOcBIBLIOTECA MUNICIPAL DEL CUSCO a818.5 /bF87 aFrench, Warren. aJohn Steinbeck / aBuenos Aires : EbEdit. Pleamar, c1974. a238 paginas ,c20 cm. aEl autor y el hombre -- El californiano ambicioso -- El neoyorkino -- Releyendo praderas del cielo -- Fin de un sueño... aBiografías  aSiglo XX aNovela Norteamericana aMirlas, León (Traductor)